000 00490nam a22001937a 4500
003 MPLRDC
005 20220104142558.0
008 210129b ||||| |||| 00| 0 eng d
020 _a978-986-134-188-0
082 _a216.5 BOT
100 _aALAIN DE BOTTON
245 _a宗教的慰籍
_c陈信宏 译
250 _a初版
260 _a台湾
_b先觉出版股份有限公司
_c2012
300 _b333
490 _a人文思潮: 96
650 _a无神论
942 _cBK
_o216.5 BOT
999 _c32033
_d32023